Dauntless - All behemoths by picture! - Statistics

General Stats
  • This quiz has been taken 24 times
  • The average score is 23 of 30
Answer Stats
Picture Hint Answer % Correct
Neutral Gnasher
100%
Neutral Quillshot
100%
Blaze Charrogg
93%
Umbral Riftstalker
93%
Neutral Shrike
93%
Radiant (Keystone) Chronovore
86%
Shock Drask
86%
Frost Frostwülf
86%
Blaze Hellion
86%
Umbral (Keystone) Thrax
86%
Blaze (Keystone) Torgadoro
86%
Radiant Valomyr
86%
Blaze Embermane
79%
Frost Pangar
79%
Terra Skarn
79%
Frost (Keystone) Urska
79%
Terra (Keystone) Agarus
71%
Frost Boreus
71%
Terra Koshai
71%
Shock (Keystone) Malkarion
71%
Shock Nayzaga
71%
Umbral Shrowd
71%
Radiant Alyra
64%
Radiant Rezakiri
64%
Frost Skraev
64%
Shock Stormclaw
64%
Terra Fenroar
57%
Blaze Phaelanx
57%
Shock Sahvyt
57%
Terra Kharabak
50%
No matching quizzes found
Score Distribution
Percent of People with Each Score
Percentile by Number Answered
Your Score History
You have not taken this quiz